000 00334nam a2200133Ia 4500
008 220613s9999||||xx |||||||||||||| ||und||
100 _aAllan Clain
245 0 _aHamilton Baileys Demonstrations Of Physical Sigins In Clinical Surgery
250 _a17th(1986)
260 _bELBS
300 _a622
650 _aSurgery
942 _cSURG
999 _c2436
_d2436